Loading...
| Literature - American | 1 | 3 | 0 | 0 | 45 | 84 | 134.00 | 1 | 1 | 5.08 | 18.01 |
| Fine Arts - Classical Music and Opera | 1 | 0 | 0 | 0 | 15 | 65 | 65.00 | 1 | 1 | 4.34 | 7.69 |
| History - European | 0 | 1 | 0 | 0 | 10 | 140 | 140.00 | 0 | 0 | 0.05 | 0.51 |
| Science - Chemistry | 0 | 1 | 0 | 0 | 10 | 127 | 127.00 | 0 | 0 | 0.06 | 3.85 |
| Literature - European | 0 | 1 | 0 | 0 | 10 | 140 | 140.00 | 0 | 0 | 0.96 | 1.54 |
| Other Academic | 0 | 1 | 0 | 0 | 10 | 92 | 92.00 | 0 | 0 | 5.28 | 7.62 |
| Mythology | 0 | 1 | 0 | 1 | 10 | 162 | 162.00 | 0 | 0 | 0.10 | 1.28 |
| History - American | 0 | 1 | 0 | 0 | 10 | 131 | 131.00 | 0 | 0 | 0.74 | 3.30 |
| Literature - World | 0 | 1 | 1 | 0 | 5 | 136 | 136.00 | 0 | 1 | 0.38 | 5.92 |
| Other Science (Computer Science) | 0 | 0 | 0 | 0 | 0 | 0.00 | 0 | 0 | 0.00 | 0.00 | |
| Philosophy | 0 | 0 | 0 | 0 | 0 | 0.00 | 0 | 0 | 0.00 | 0.00 | |
| Social Science | 0 | 0 | 0 | 0 | 0 | 0.00 | 0 | 0 | 0.00 | 0.00 | |
| Literature - British | 0 | 0 | 2 | 0 | -10 | 0.00 | 0 | 0 | 0.00 | 0.00 |